[Event "Cap d'Agde Avenir op"]
[Site "Cap d'Agde"]
[Date "2008.10.27"]
[Round "4"]
[White "De Rougemont, Jean"]
[Black "Jouve, Damien"]
[Result "0-1"]
[WhiteElo "1750"]
[BlackElo "1620"]
[PlyCount "70"]
[EventDate "2008.10.25"]
[EventType "swiss"]
[EventRounds "9"]
[EventCountry "FRA"]
[SourceTitle "EXT 2010"]
[Source "ChessBase"]
[SourceDate "2010.11.25"]
[SourceVersion "1"]
[SourceVersionDate "2010.11.25"]
[SourceQuality "1"]

1. e4 e5 2. d4 exd4 3. Qxd4 Nc6 4. Qe3 b6 5. Nc3 Bc5 6. Qg3 Bd4 7. Nge2 Be5 8. f4 Bf6 9. h4 d6 10. Be3 Nh6 11. 0-0-0 Ng4 12. Bd2 h5 13. Nd5 0-0 14. Nxf6+ Qxf6 15. Bc3 Qe6 16. Qf3 Re8 17. Nd4 Nxd4 18. Rxd4 c5 19. Bc4 Qe7 20. Rd2 Bb7 21. Bd5 Bxd5 22. exd5 b5 23. b3 a5 24. a3 b4 25. Bb2 bxa3 26. Bxa3 Qb7 27. Rd3 a4 28. bxa4 Rxa4 29. Rb3 Qa6 30. Qf1 Rxa3 31. Qxa6 Rxa6 32. Kd2 Nf6 33. c4 Ra2+ 34. Kd3 Ne4 35. Rb6 Nf2+ 0-1

[Event "Cap d'Agde Avenir op"]
[Site "Cap d'Agde"]
[Date "2008.10.27"]
[Round "3"]
[White "Kaser, Simon"]
[Black "De Rougemont, Jean"]
[Result "0-1"]
[WhiteElo "1623"]
[BlackElo "1750"]
[PlyCount "40"]
[EventDate "2008.10.25"]
[EventType "swiss"]
[EventRounds "9"]
[EventCountry "FRA"]
[SourceTitle "EXT 2010"]
[Source "ChessBase"]
[SourceDate "2010.11.25"]
[SourceVersion "1"]
[SourceVersionDate "2010.11.25"]
[SourceQuality "1"]

1. e4 g6 2. d4 Bg7 3. Nc3 c6 4. Nf3 d5 5. exd5 cxd5 6. Bf4 a6 7. Be2 Bg4 8. 0-0 Nc6 9. Re1 e6 10. h3 Bxf3 11. Bxf3 Nge7 12. Ne2 0-0 13. c3 Nf5 14. g4 Nh4 15. Ng3 Qf6 16. Qe2 Qxf4 17. Bg2 Bxd4 18. cxd4 Nxd4 19. Qe3 Qxe3 20. Rxe3 Nc2 0-1